000 00362nam a22001577a 4500
003 CEME
005 20210628203026.0
008 210128b xxu||||| |||| 00| 0 eng d
020 _a9789693520774
040 _c.
082 _a891.4392 BAN
100 _aBano Qudsia
_99437
245 _aDoasra qadam
260 _aLAHORE
_bSANG-E-MEEL
_c2005
942 _cBK
_2ddc
999 _c571880
_d571880